000 00991nam a22002777i 4500
003 DO-SdBNP
005 20241014114126.0
007 ta
008 210831b 2017 dr a 00| 0 spa d
020 _a9789945906509
040 _aDO-SdBNP
_bspa
_cBNPHU
_erda
041 _aspa
082 4 _222
245 0 0 _a133 jaikus con y sin zen del TCLEC :
_btercera antología del taller virtual de Jaikus contemporáneos del TCLEC /
_ctaller y selección de Alexis Peña.
246 0 0 _aCiento treinta y tres jaikus con y sin zen.
250 _aPrimera edición
264 4 _aSanto Domingo :
_bEditorial Letra Erguida,
_c©2017.
300 _a133 páginas :
_bilustraciones ;
_c15 cm.
336 _atexto
_btxt
_2rdacontent
337 _asin mediación
_bn
_2rdamedia
338 _avolumen
_bnc
_2rdacarrier
500 _aTaller de creación literaria experimental Coiné (TCLEC)
590 _aInventariado, 2021 /LP
700 1 _aPeña, Alexis,
_eselección
_95700
942 _2ddc
_cLBS1
999 _c50345
_d50345